| 000 | 01722nam0a2200325 4500 | ||
|---|---|---|---|
| 001 | RU\NLR\bibl\1111827 | ||
| 005 | 20260405134522.0 | ||
| 010 |
_a978-5-89847-197-2 _950 |
||
| 021 |
_aRU _b2007-39941 _92141 |
||
| 035 | _a(NLR Aleph) 001098862 | ||
| 090 |
_a1165342 _c1165342 |
||
| 100 | _a20070723d2007 |||y0rusy50 ca | ||
| 101 | 0 | _arus | |
| 102 | _aRU | ||
| 105 | _aa ||||||||| | ||
| 200 | 1 |
_aИммунитет. Иммунная система _eучебное пособие _eдля студентов университета "Дубна" _fТ.А. Тихонова _gМеждунар. ун-т природы, о-ва и человека "Дубна", Каф. биологии человека, Фил. "Протвино" |
|
| 210 |
_aДубна _cМеждународный университет природы, общества и человека "Дубна" _d2007 |
||
| 215 |
_a48 с. _cил. _d21 |
||
| 320 | _aБиблиогр.: с. 48 (18 назв.) | ||
| 517 | 0 | _aИммунная система | |
| 606 | 1 |
_aИммунитет _jУчебно-методические пособия для высших учебных заведений _9904295 _3RU\NLR\auth\669309 |
|
| 606 | 1 |
_aИммунная система _jУчебно-методические пособия для высших учебных заведений _91036711 _3RU\NLR\auth\6680679 |
|
| 686 | _aР252.325я73 | ||
| 700 | 1 |
_4070 _7ca _8rus _aТихонова _bТ. А. _cканд. мед. наук, биология человека _gТатьяна Александровна _937941 _3RU\NLR\auth\7755009 |
|
| 801 | 0 |
_aRU _bNLR _c20070723 _gRCR |
|
| 801 | 1 |
_aRU _bNLR _c20070723 |
|
| 942 | _cBOOK | ||
| 980 | _aNB | ||
| 980 | _aNBR | ||